Comesa investment report 2012 (Record no. 79488)

MARC details
000 -LEADER
fixed length control field 01100nam a2200205 a 4500
008 - FIXED-LENGTH DATA ELEMENTS--GENERAL INFORMATION
fixed length control field 150728s2012 ||||||||||||||||| || u
020 ## - INTERNATIONAL STANDARD BOOK NUMBER
International Standard Book Number 978-9982-26-053-4
050 ## - LIBRARY OF CONGRESS CALL NUMBER
Classification number COMESA(058)CIR/2012A
110 ## - MAIN ENTRY--CORPORATE NAME
Corporate name or jurisdiction name as entry element Common Market for Eastern and Southern Africa (COMESA)
245 10 - TITLE STATEMENT
Title Comesa investment report 2012
Statement of responsibility, etc. By Common Market for Eastern and Southern Africa [COMESA]
260 ## - PUBLICATION, DISTRIBUTION, ETC.
Place of publication, distribution, etc. Lusaka:
Name of publisher, distributor, etc. Common Market for Eastern and Southern Africa (COMESA)
Date of publication, distribution, etc. 2012
300 ## - PHYSICAL DESCRIPTION
Extent 57p. ill.
500 ## - GENERAL NOTE
General note Bibliography
650 ## - SUBJECT ADDED ENTRY--TOPICAL TERM
Topical term or geographic name entry element REGIONAL INTEGRATION--SOUTHERN AFRICA
650 #0 - SUBJECT ADDED ENTRY--TOPICAL TERM
Topical term or geographic name entry element FOREIGN TRADE REGULATION
650 ## - SUBJECT ADDED ENTRY--TOPICAL TERM
Topical term or geographic name entry element FOREIGN DIRECT INVESTMENT--COMESA
995 ## -
-- SPECIAL COLLECTIONS
-- 1986
-- CBU-MAIN LIBRARY (Kitwe)
-- COMESA(058)CIR/2012A
-- 1
-- AVAILABLE
-- Sep 14, 2015
-- B1986
-- International Publications
995 ## -
-- SPECIAL COLLECTIONS
-- 1987
-- CBU-MAIN LIBRARY (Kitwe)
-- COMESA(058)CIR/2012B
-- 2
-- AVAILABLE
-- Sep 14, 2015
-- B1987
-- International Publications
995 ## -
-- SPECIAL COLLECTIONS
-- 1988
-- CBU-MAIN LIBRARY (Kitwe)
-- COMESA(058)CIR/2012C
-- 3
-- AVAILABLE
-- Sep 14, 2015
-- B1988
-- International Publications
999 ## -
-- 79488
-- 79488
Holdings
Withdrawn status Lost status Source of classification or shelving scheme Damaged status Not for loan Permanent Location Current Location Shelving location Date acquired Total Checkouts Full call number Barcode Date last seen Copy number Price effective from Koha item type
          CBU-MAIN LIBRARY, KITWE. CBU-MAIN LIBRARY, KITWE.   06/29/2023   COMESA(058)CIR/2012A B1986 06/29/2023 1 06/29/2023 SPECIAL COLLECTION
          CBU-MAIN LIBRARY, KITWE. CBU-MAIN LIBRARY, KITWE.   06/29/2023   COMESA(058)CIR/2012B B1987 06/29/2023 2 06/29/2023 SPECIAL COLLECTION
          CBU-MAIN LIBRARY, KITWE. CBU-MAIN LIBRARY, KITWE.   06/29/2023   COMESA(058)CIR/2012C B1988 06/29/2023 3 06/29/2023 SPECIAL COLLECTION